| 000 | 00359 a2200121 4500 | ||
|---|---|---|---|
| 005 | 20250524102523.0 | ||
| 082 | _aLECT 519.7 MET | ||
| 100 | _aMETZGER, R. W. | ||
| 245 | _aElementary Mathematical Programming. | ||
| 260 |
_aLondon, _bJohn Wiley & Sons, Inc. _c1958. |
||
| 300 |
_aix, 246p.: ill.; charts, Graph, figure, table. _bindex, _c21cm. |
||
| 942 |
_2ddc _cBKS |
||
| 999 |
_c2627 _d2627 |
||